| 000 | 00544nam a2200193Ia 4500 | ||
|---|---|---|---|
| 003 | GCL | ||
| 008 | 140319s9999 xx 000 0 eng d | ||
| 040 |
_aGCL / _cGCL |
||
| 082 | 0 | 4 |
_a949.7024 _bD I |
| 100 | 1 | _aDANCHEV, ALEX | |
| 245 | 1 | 0 |
_aINTERNATIONAL PERSPECTIVES ON THE YUGOSLAV CONFLICT / _cDANCHEV, ALEX |
| 700 | 1 | _aHALVERSON, THOMAS | |
| 260 |
_a[S.N] : _bMac Millan Press ، _c1996 |
||
| 300 | _a212 P | ||
| 650 | 0 | 4 | _aFOREIGN RELATIONS |
| 650 | 0 | 4 | _aYUGOSLAV WAR 1991 |
| 650 | 0 | 4 | _aYUGOSLAV - FOREIGN RELAITONS |
| 942 |
_2ddc _cBK |
||
| 999 |
_c13441 _d13441 |
||